| 000 -LEADER |
| fixed length control field |
00942nam a22002177a 4500 |
| 003 - CONTROL NUMBER IDENTIFIER |
| control field |
OSt |
| 005 - DATE AND TIME OF LATEST TRANSACTION |
| control field |
20231213091524.0 |
| 008 - FIXED-LENGTH DATA ELEMENTS--GENERAL INFORMATION |
| fixed length control field |
230817b ||||| |||| 00| 0 eng d |
| 020 ## - INTERNATIONAL STANDARD BOOK NUMBER |
| International Standard Book Number |
9780230473102 |
| 040 ## - CATALOGING SOURCE |
| Transcribing agency |
KH8 |
| 082 ## - DEWEY DECIMAL CLASSIFICATION NUMBER |
| Classification number |
800 SPE |
| 100 ## - MAIN ENTRY--PERSONAL NAME |
| Personal name |
Spencer, David, |
| Relator term |
author. |
| 245 ## - TITLE STATEMENT |
| Title |
Gateway 2nd edition A2 Student's Book Premium Pack / |
| Statement of responsibility, etc. |
David Spencer. |
| 250 ## - EDITION STATEMENT |
| Edition statement |
Second edition |
| 260 ## - PUBLICATION, DISTRIBUTION, ETC. |
| Place of publication, distribution, etc. |
London; |
| Name of publisher, distributor, etc. |
Macmillan Education, |
| Date of publication, distribution, etc. |
2014. |
| 300 ## - PHYSICAL DESCRIPTION |
| Dimensions |
11.77 x 0.51 x 8.46 inches. |
| 520 ## - SUMMARY, ETC. |
| Summary, etc. |
The Student's Book Premium Pack contains the print Student's Book with a strong exams focus and exams task familiarization throughout the Student's Book. Access code to the Online Workbook and the Student's Resource Centre which includes the Class audio, Workbook audio, Life skills and Flipped classroom videos and a downloadable Macmillan Reader. |
| 650 ## - SUBJECT ADDED ENTRY--TOPICAL TERM |
| Topical term or geographic name entry element |
English |
| Form subdivision |
Student's book |
| 650 ## - SUBJECT ADDED ENTRY--TOPICAL TERM |
| Topical term or geographic name entry element |
English |
| Form subdivision |
Grammar |
| 942 ## - ADDED ENTRY ELEMENTS (KOHA) |
| Source of classification or shelving scheme |
|
| Koha item type |
Teaching Resources |